El Imperio Romano. El gobierno del mundo. La defensa del mundo. La explotación del mundo.

Na minha lista:
Detalhes bibliográficos
Autor principal: Homo, Léon (autor)
Outros Autores: Vázquez Zamora, Rafael (traductor)
Formato: Livro
Idioma:inglês
Publicado em: Madrid, España: Espasa-Calpe, 1961.
Edição:Segunda edición.
Assuntos:
Tags: Adicionar Tag
Sem tags, seja o primeiro a adicionar uma tag!

MARC

LEADER 00000nam a22000007a 4500
003 CL-VaPUC
005 20241014131101.0
008 220811t1961 ||||| |||| 00| 0 eng d
999 |c 438288  |d 438286 
040 |c Pontificia Universidad Católica de Valparaíso 
082 |2 22  |a 937.06 HOM 1961 
100 |9 871181  |a Homo, Léon  |e autor 
245 |a El Imperio Romano.   |b El gobierno del mundo. La defensa del mundo. La explotación del mundo.  
250 |a Segunda edición.  
260 |a Madrid, España:  |b Espasa-Calpe,   |c 1961.  
300 |a 346 páginas.  
500 |a c.1 Donación Familia Prof. Alejandro Guzmán Brito. 
583 |c 20220811  |k Yessy Sthefany Diaz Vidal 
650 0 |a Imperio Romano  |x Política y gobierno  |x Historia   |9 322785 
700 |9 875439  |a Vázquez Zamora, Rafael  |e traductor  
942 |2 ddc  |c BK  |n 0 
952 |0 0  |1 0  |2 ddc  |4 0  |6 937_060000000000000_HOM_1961  |7 1  |8 C_AGB  |9 586176  |a BIBDER  |b BIBDER  |d 2022-08-11  |e Donación   |i 5653973  |o 937.06 HOM 1961  |p 5653973  |r 2023-01-25  |t 1  |w 2022-08-11  |y BK_US  |k AGB